| 000 | 01142nam a2200241Ia 4500 | ||
|---|---|---|---|
| 999 |
_c41613 _d41613 |
||
| 001 | 8282 | ||
| 003 | GE_BSU | ||
| 005 | 20240424172657.0 | ||
| 008 | 181216s2008||||ge |||||||||||||| || || | ||
| 020 | _a978-99940-945-6-1 | ||
| 040 | _cGE_BSU | ||
| 041 | _ageo | ||
| 080 | _a17+32+1(470)+821.161.1-92 ს–65 | ||
| 100 |
_aსოლოვიოვი, ვლადიმერ _921927 |
||
| 245 |
_aზნეობა და პოლიტიკა : _bფილოსოფიურ–პუბლიცისტური თხზულებანი / _cვლადიმერ სოლოვიოვი ; თარგმნ. ნანა ახობაძე. |
||
| 264 |
_aთბილისი : _bგამ–ბა "ჯანსუღ ღვინჯილია, _c2008. |
||
| 300 |
_a96 გვ. ; _c20 სმ. |
||
| 541 | _h25ლ. | ||
| 653 | _aზნეობა და პოლიტიკა | ||
| 653 | _aფილოსოფიურ–პუბლიცისტური თხზულებანი | ||
| 700 |
_aახობაძე, ნანა _eმთარგმნელი _921928 |
||
| 942 |
_cBK _2udc |
||